LEADER 01750oam 2200433Ia 450 001 9910690630903321 005 20040819090250.0 035 $a(CKB)5470000002340006 035 $a(OCoLC)41876795 035 9 $aocm41876795 035 $a(OCoLC)995470000002340006 035 $a(EXLCZ)995470000002340006 100 $a19990714d1999 ua 0 101 0 $aeng 135 $aurcn|||||| 181 $ctxt$2rdacontent 182 $cc$2rdamedia 183 $acr$2rdacarrier 200 10$aContaminants and marine geology in the New York Bight, modern sediment dynamics and a legacy for the future$b[electronic resource] $ethe impact of human activity in the New York Bight /$f[Ellen L. Mecray, Marilyn Buchholtz ten Brink, Bradford Butman] 210 1$aWoods Hole, MA :$cU.S. Geological Survey,$d[1999] 225 1 $aUSGS fact sheet ;$vFS-114-99 300 $aTitle from title screen (viewed on August 18, 2004). 517 $aContaminants and marine geology in the New York Bight, modern sediment dynamics and a legacy for the future 606 $aContaminated sediments$xResearch$zNew York Bight (N.J. and N.Y.) 606 $aSubmarine geology$xResearch 615 0$aContaminated sediments$xResearch 615 0$aSubmarine geology$xResearch. 700 $aMecray$b Ellen L$g(Ellen Livingston)$01381634 701 $aBuchholtz ten Brink$b M. R$g(Marilyn R.)$01381635 701 $aButman$b Bradford$01381636 712 02$aGeological Survey (U.S.) 801 0$bGIS 801 1$bGIS 801 2$bOCLCQ 801 2$bGPO 906 $aBOOK 912 $a9910690630903321 996 $aContaminants and marine geology in the New York Bight, modern sediment dynamics and a legacy for the future$93424413 997 $aUNINA